Statistics for Biggest Cities in North Dakota

Click here to take the quiz!

General Stats

  • This quiz has been taken 1,046 times
    (553 since last reset)
  • The average score is 8 of 15

Answer Stats

Population County City % Correct
73,112BurleighBismarck
98%
124,844CassFargo
97%
56,948----- -----Grand Forks
79%
47,370WardMinot
76%
27,096WilliamsWilliston
58%
22,739StarkDickinson
58%
15,226StutsmanJamestown
58%
36,566CassWest Fargo
56%
22,519MortonMandan
45%
7,278RamseyDevils Lake
42%
6,380BarnesValley City
41%
7,753RichlandWahpeton
31%
7,080McKenzieWatford City
27%
4,159WalshGrafton
23%
3,779BurleighLincoln
16%

Score Distribution

Percentile by Number Answered

Percent of People with Each Score

Your Score History

You have not taken this quiz since the last reset